000 02358cam a22005294i 4500
003 PE-LiUPU
005 20250731165543.0
008 150625s r 000 0 d
020 _a0802810403
035 _a(Sirsi) i9780802810403
040 _aPE-LiUPU
_bspa
_cPE-LiUPU
_erda
049 _aPRUA
082 0 4 _a221.7
_bITC
_221
100 1 _aMartin-Achard, Robert,
_eautor.
245 1 0 _aAmos y Lamentacions :
_ba commentary on the books of; God's people in crisis.
_n30 /
_cRobert Martin-Achard.
264 1 _aMichigan :
_bWilliam B. Eerdmans Publishing Company,
_c1984.
300 _a134 páginas ;
_c21 centímetros
336 _atext
_2rdacontent
337 _aunmediated
_2rdamedia
338 _avolume
_2rdacarrier
490 0 _aInternational Theological Commentary ;
_v30
505 0 _aThe end of the people of God; A commentary on the book of Amos: Part I: Amos 1:1-2. -Oracles against foreign nations and against Israel (1:3-2:16). -Part II : Oracles against the northern kingdom and against its elite (3:1-6:14).-Part III: The visions of amos and his message about the end of Israel (7:1 to 9:10). -The time of salvation 9:11-15. -The theology of hope A commentary on the book of Lamentations: The desolation of zion. -The wrath of God. -The dawn of hope. -The judgment. -Corporate prayer.
526 _aSEG44
526 _aSEG26
526 _aP151
526 _aP150
526 _aP149
526 _aP146
526 _aP145
526 _aP126
526 _aP125
526 _aP92
526 _aP75
526 _aP74
526 _aP27
526 _aP15
630 0 4 _aBiblia.
_pA.T.
_pAmós
_xComentarios.
630 0 4 _aBiblia.
_pA.T.
_pLamentaciones
_xComentarios.
700 1 _aKnight, G. A. F.,
_etraductor.
700 1 _aRe'emi, S. Paul,
_eco.
942 _2ddc
_cBOOK
949 _aRC 221.7 ITC 30
_wDEWEY
_c1
_i44462
_lCCODEBUL1
_mBUL
_r0
_sY
_tBOOK
_u2015-6-25
_xTEOLOGIA
_zUNKNOWN
_0COMPRA
_o.CIRCNOTE. No olvidar cambiar la fecha de devolución!!!!!!!
_o.STAFF. Colección General
994 _aC0
_bPEPRU
596 _a1
999 _aRC 221.7 ITC 30
_wDEWEY
_c41440
_i44462
_d41440
_f2021-11-8
_g6
_lCCODEBUL1
_mBUL
_q2
_r1
_sY
_tBOOK
_u2015-6-25
_xTEOLOGIA
_zUNKNOWN
_0COMPRA
_o.CIRCNOTE. No olvidar cambiar la fecha de devolución!!!!!!!
_o.STAFF. Colección General
980 _81
_gALBERTO SANCHEZ Responsable de Automatización